| 000 | 00457cam a22001814a 4500 | ||
|---|---|---|---|
| 005 | 20250605164245.0 | ||
| 008 | 250528s ||||||||||||||||||||||||d | ||
| 035 | _a21462 | ||
| 040 |
_aGR-AtMCL _bgre _dGR-AtMCL _eAACR2 |
||
| 245 | 1 | _aΒΑΣΙΚΕΣ ΑΡΧΕΣ ΤΗΣ ΨΥΧΟΛΟΓΙΑΣ | |
| 250 | _a1 | ||
| 260 |
_bΔ.Κοροντζη, _c1977 |
||
| 300 | _a192 | ||
| 700 | 1 |
_aPolitzer George _9193 |
|
| 942 | _cBK | ||
| 999 |
_c6524 _d6524 |
||